Domingo de Soto y su doctrina jurídica. Estudio teológico-jurídico e histórico.
Guardat en:
| Autor principal: | |
|---|---|
| Altres autors: | |
| Format: | Llibre |
| Idioma: | anglès |
| Publicat: |
Salamanca, España:
Establecimiento Tipográfico de Hijos de E. Minuesa,
1944.
|
| Edició: | Segunda edición. |
| Col·lecció: | Biblioteca de Teólogos Españoles,
|
| Matèries: | |
| Etiquetes: |
Afegir etiqueta
Sense etiquetes, Sigues el primer a etiquetar aquest registre!
|
MARC
| LEADER | 00000nam a22000007a 4500 | ||
|---|---|---|---|
| 003 | CL-VaPUC | ||
| 005 | 20220822114828.0 | ||
| 008 | 220808t1944 ||||| |||| 00| 0 eng d | ||
| 999 | |c 438060 |d 438058 | ||
| 040 | |c Pontificia Universidad Católica de Valparaíso | ||
| 082 | |2 22 |a 340.1 CAR 1944 | ||
| 100 | |9 874998 |a Carro, Venancio Diego |e autor | ||
| 245 | |a Domingo de Soto y su doctrina jurídica. |b Estudio teológico-jurídico e histórico. | ||
| 250 | |a Segunda edición. | ||
| 260 | |a Salamanca, España: |b Establecimiento Tipográfico de Hijos de E. Minuesa, |c 1944. | ||
| 300 | |a 543 páginas. | ||
| 490 | |a Biblioteca de Teólogos Españoles, |n 12. | ||
| 500 | |a c.1 Donación Familia Prof. Alejandro Guzmán Brito. | ||
| 583 | |c 20220808 |k Yessy Sthefany Diaz Vidal | ||
| 586 | |a Obra premiada por la Real Academia de Ciencias Morales y Políticas. | ||
| 600 | 0 | |9 869929 |a Soto, Domingo de, |d 1494-1560 |x Crítica e interpretación | |
| 650 | 0 | |9 255050 |a Filosofía del derecho | |
| 700 | |9 874999 |a Beltrán de Heredia, Vicente |e introducción biográfica | ||
| 942 | |2 ddc |c BK |n 0 | ||
| 952 | |0 0 |1 0 |2 ddc |4 0 |6 340_100000000000000_CAR_1944 |7 0 |8 C_AGB |9 585937 |a BIBDER |b BIBDER |d 2022-08-08 |e Donación |i 5652234 |o 340.1 CAR 1944 |p 5652234 |r 2023-01-25 |t 1 |w 2022-08-08 |y BK_US |k AGB | ||